The Computer chronicles (Record no. 38222)

MARC details
000 -LEADER
fixed length control field 00830nam a2200229 a 4500
008 - FIXED-LENGTH DATA ELEMENTS--GENERAL INFORMATION
fixed length control field 120416s1984 ||||||||||||||||| || u
020 ## - INTERNATIONAL STANDARD BOOK NUMBER
International Standard Book Number 0534033962
050 ## - LIBRARY OF CONGRESS CALL NUMBER
Classification number QA 76.5 Lec
100 ## - MAIN ENTRY--PERSONAL NAME
Personal name Lechner, H. D
245 14 - TITLE STATEMENT
Title The Computer chronicles
260 ## - PUBLICATION, DISTRIBUTION, ETC.
Place of publication, distribution, etc. Belmont, California:
Name of publisher, distributor, etc. Wadswoth Publishing/ Continuing Education
Date of publication, distribution, etc. 1984
300 ## - PHYSICAL DESCRIPTION
Extent xvi, 391p.: ill
350 ## - PRICE (NR) (BK AM CF MU VM SE) [OBSOLETE]
Price 0.00
490 ## - SERIES STATEMENT
Series statement The Wadsworth continuing education professional series
490 ## - SERIES STATEMENT
Volume/sequential designation The Wadsworth series in continuing education
500 ## - GENERAL NOTE
General note Includes index.
650 #0 - SUBJECT ADDED ENTRY--TOPICAL TERM
Topical term or geographic name entry element ELECTRONIC DATA PROCESSING
650 ## - SUBJECT ADDED ENTRY--TOPICAL TERM
Topical term or geographic name entry element ELECTRONIC DIGITAL COMPUTERS
650 ## - SUBJECT ADDED ENTRY--TOPICAL TERM
Topical term or geographic name entry element ROBOTICS
650 ## - SUBJECT ADDED ENTRY--TOPICAL TERM
Topical term or geographic name entry element TEXTBOOKS
995 ## - RECOMMENDATION 995 [LOCAL, UNIMARC FRANCE]
-- 0.00
-- CBU-MAIN LIBRARY (Kitwe)
-- 1
-- 12.95
-- 1
-- DAMAGED
-- Main Library Open Access Collection
Holdings
Withdrawn status Lost status Source of classification or shelving scheme Damaged status Not for loan Home library Current library Shelving location Date acquired Total Checkouts Full call number Barcode Date last seen Price effective from Koha item type
          CBU-MAIN LIBRARY, KITWE. CBU-MAIN LIBRARY, KITWE.   11/30/2022   QA 76.5 Lec 707858 11/30/2022 11/30/2022 MONOGRAPH